03182cam a22004095a 450000100090000000300090000900500170001800800410003502000280007602000180010404000380012204100130016004300120017308200230018510000310020824000270023924502520026625000160051826401040053426400100063830000530064850000230070150400510072452014810077554600610225661000420231765000430235965100100240265300200241265500170243270000520244970000510250170000190255294200190257199900170259095201650260712774940EG-ScBUE20221214110534.0020515t2002 mnua f b 001 0 eng d a0814624065 (alk. paper) a9780814624067 aDLCbengerdacDLCdDLCdEG-ScBUE1 aenghita af-ua---04a726.58172bCAP2221 aCapuani, Massimo,eauthor.10aEgitto copto.lEnglish10aChristian Egypt :bcoptic art and monuments through two millennia /cMassimo Capuani ; with the contributions of Otto F.A. Meinardus and Marie-Hélène Rutschowscaya ; emendations and introduction to the English-language edition by Gawdat Gabra. aEnglish ed. 1aCollegeville, Minn. :bLiturgical Press ;aCairo :bThe American University in Cairo Press,c[2002] 4cc2002 a272 pages :billustrations (some color) ;c28 cm aIncludes glossary. aIncludes bibliographical references and index. a"The Coptic Church owes its existence to the evangelization of Egypt by St. Mark and thus claims to be one of the churches most faithful to the biblical message of the beginnings. The Copts regard themselves as the true descendents of the ancient people of pharaonic Egypt." "The history of their name is a reminder that this part of the world was at the center of an unusually extensive intermixing of populations and regions. The term "Copt" is an alteration of the Greek Aigyptios (Egyptian), which became qibt in Arabic, and gradually came to designate exclusively the community that remained faithful to Christianity in spite of the expansion of Islam." "This book is the result of Massimo Capuani's comprehensive examination of the archaeological studies and historical literature of Coptic Christian monasteries and churches, supported by photographs, planimeters, and architectural drawings, as well as many color plates. Gawdat Gabra's thorough knowledge of current archaeological activity and the most recent consensus regarding the dates and other questions concerning churches and monasteries enhance the store of information. The important contributions of Otto Meinardus and Marie-Helene Rutschowscaya provide comprehensive surveys of the two-thousand year history of the Coptic Church and of the artistic expression of the Coptic world. Together they bring back to life the history of this culture, which today enjoys a remarkable renewal."--Jacket. Read less  aText in English ; translated from the original Italian. 27aCoptic ChurchxHistory.2BUEsh928871 7aCoptic church buildingszEgypt.2BUEsh 2BUEsh bENGGENcMay2019 vReading book1 aMeinardus, Otto Friedrich August,econtributor.1 aRutschowscaya, Marie-Hélène,econtributor.1 aGabra, Gawdat. 2ddccREFERENCE c27489d27460 00102ddc40708BaccahaMAINbMAINc2NDd2019-05-28ePurchaseg1950.00h32510l0o726.58172 CAPp000047873r2025-07-15 00:00:00v2438.00w2019-05-28yREFERENCE